| 000 | 00624nam a2200193Ia 4500 | ||
|---|---|---|---|
| 008 | 240925s9999 xx 000 0 und d | ||
| 020 | _a8176356085 | ||
| 082 | _a005.133 LAF | ||
| 100 | _aLafore, Robert | ||
| 245 | 0 | _aObject-Oriented Programming in C++ | |
| 250 | _a4th | ||
| 260 |
_aNew Delhi: _bSAMS Techmad _c,2004. |
||
| 300 |
_axxi,318p. _bNA _fOriginal |
||
| 500 | _aIncludes Index | ||
| 600 | _aEngineering Technology | ||
| 650 | _aComputer science, information & general works | ||
| 856 |
_uhttps://drive.google.com/file/d/1ahpvUlgQA2z3SQytAt7vQiNp_TOReWQw/view?usp=sharing _yClick here for PDF |
||
| 942 | _cBK | ||
| 999 |
_c11089 _d11089 |
||